La ignorancia del derecho
Gespeichert in:
| 1. Verfasser: | |
|---|---|
| Format: | keine Angabe |
| Sprache: | Spanisch |
| Erschienen: |
Barcelona
Sucesores de Manuel Soler
s.d.
|
| Katalog: | MANES: Suchergebnis im Bibliothekskatalog |
| Schulbuchspezifische Eigenschaften: |
|
| Tags: |
Tag hinzufügen
Keine Tags, Fügen Sie den ersten Tag hinzu!
|
| Hinzugefügt zu: | 26.04.2016 |
MARC
| LEADER | 000000000a22000000004500 | ||
|---|---|---|---|
| 001 | 17963 | ||
| 003 | OSt | ||
| 008 | 160427s sp ||||| |||| 00| 0 spa d | ||
| 041 | 1 | |a spa | |
| 040 | |c centro_manes | ||
| 691 | 7 | |a FP | |
| 691 | 0 | |a SE | |
| 100 | 1 | |a Costa, J. |b Autor |9 12988 | |
| 245 | 0 | 0 | |a La ignorancia del derecho |
| 260 | 3 | |a Barcelona |b Sucesores de Manuel Soler |c s.d. | |
| 300 | |a 143p |c 11 * 16 cm | ||
| 500 | |a ILUSTRACIONES: No contiene. ENCUADERNACIÓN: Cartoné. DESCRIPCIÓN CONTENIDO: Derecho. PALABRAS CLAVE: Libro de texto de derecho. NéMERO EJEMPLARES: 1. Nº TOPOGRÁFICO: 2441. CONSERVACIÓN: Buena. |a nivel: Libro para el Bachillerato. | ||
| 690 | 7 | |a CS | |
| 942 | |2 ddc |c BK | ||
| 546 | |a España | ||
| 999 | |c 23932 |d 23932 | ||
| 999 | |c manes:23932 |d 23932 | ||